| 000 | 00363nam a22001577a 4500 | ||
|---|---|---|---|
| 003 | SGT | ||
| 020 | _a978-0-12-820007-0 | ||
| 082 |
_a615.4 _bR21A |
||
| 100 | _aADEJARE,ADEBOYE,ED. | ||
| 245 | _a REMINGTON THE SCIENCE AND PRACTICE OF PHARMACY | ||
| 250 | _a23RD | ||
| 260 |
_aLONDON _bELSEVIER _c2021 |
||
| 300 | _a1000 | ||
| 650 | _aPHARMACY | ||
| 942 |
_2ddc _cBK |
||
| 999 |
_c21523 _d21523 |
||